Statistics for Red Hot Chili Peppers Songs on the Billboard Hot 100 Chart (USA)

Click here to take the quiz!

General Stats

  • This quiz has been taken 233 times
  • The average score is 9 of 14

Answer Stats

Peak Chart Position, Year Answer % Correct
2, 1992Under the Bridge
93%
69, 2000Californication
92%
9, 1999Scar Tissue
85%
6, 2006Dani California
83%
34, 2002By the Way
81%
14, 2000Otherside
76%
73, 1992Give It Away
76%
22, 2007Snow ((Hey Oh))
75%
57, 2003Can't Stop
72%
67, 2016Dark Necessities
57%
50, 2006Tell Me Baby
44%
49, 2002The Zephyr Song
39%
22, 1993Soul to Squeeze
35%
38, 2011The Adventures of Rain Dance Maggie
33%

Score Distribution

Percentile by Number Answered

Percent of People with Each Score

Your Score History

You have not taken this quiz